Statistics for World Capitals with More than 5 Million People

Click here to take the quiz!

General Stats

  • This quiz has been taken 86 times
  • The average score is 25 of 30

Answer Stats

PopulationUrban Area% Correct
17.2 milMoscow
99%
40.2 milTokyo
99%
20.4 milBeijing
97%
14.7 milLondon
96%
20.5 milCairo
95%
22.8 milMexico City
95%
11.4 milParis
95%
18.3 milBangkok
93%
29.4 milDelhi
93%
30.6 milJakarta
93%
6.45 milMadrid
93%
24.7 milSeoul
92%
25.2 milManila
89%
8.55 milWashington, DC
89%
16.3 milBuenos Aires
87%
9.80 milBogotá
81%
8.70 milKuala Lumpur
81%
7.20 milSantiago
80%
15.0 milTehran
80%
6.85 milBaghdad
77%
9.90 milLima
77%
12.0 milKinshasa
76%
7.80 milSingapore
76%
5.95 milNairobi
75%
7.75 milRiyadh
71%
19.5 milDhaka
69%
9.10 milTaipei
69%
6.15 milKhartoum
56%
7.90 milLuanda
51%
5.45 milAmman
33%

Score Distribution

Percentile by Number Answered

Percent of People with Each Score

Your Score History

You have not taken this quiz